The power of one : gaining business value from personalization technologies

Αποθηκεύτηκε σε:
Λεπτομέρειες βιβλιογραφικής εγγραφής
Άλλοι συγγραφείς: Pal, Nirmal (Επιμελητής έκδοσης), Rangaswamy, Arvind (Επιμελητής έκδοσης)
Μορφή: Βιβλίο
Γλώσσα:English
Δημοσίευση: Victoria, B.C. : Trafford, c2003
Θέματα:
Ετικέτες: Προσθήκη ετικέτας
Δεν υπάρχουν, Καταχωρήστε ετικέτα πρώτοι!

MARC

LEADER 00000nam a2200000 i 4500
001 1/84672
008 080513s2003 eng d
020 |a 1-4120-1121-3 
035 |l 10097238 
040 |a GR-MY-UA  |b gre  |e aacr 
041 0 |a eng 
082 0 |a 658.872  |2 (22) 
245 1 4 |a The power of one :  |b gaining business value from personalization technologies /  |c Nirmal Pal and Arvind Rangaswamy, [eds] 
260 |a Victoria, B.C. :   |b Trafford,   |c c2003 
300 |a xii, 261 σ.;  |b εικ.;  |c 24 εκ. 
500 |a Άνω του τίτλου: The Penn State eBusiness Research Center 
504 |a Περιλαμβάνει βιβλιογραφίες και ευρετήριο 
650 0 0 |a Target marketing. 
650 0 0 |a Business  |x Data processing. 
650 0 0 |a Business enterprises  |x Computer network resources. 
650 0 0 |a Internet marketing. 
700 1 |a Pal, Nirmal.  |4 edt 
700 0 |a Rangaswamy, Arvind.  |4 edt 
852 |a INST  |b SYROS  |e 20080513  |h 658.872 POW  |p 005500005996  |q 005500005996  |t BK  |y 0 
901 |a BIBL5-2008-2 
909 |a Ε  |b 138849 
922 |a 5ΕΛΗ  |b 200708  |c ΕΠΕΑΕΚ2/ΤΜΣΠΣ  |d ΠΑΠΑΣΩΤΗΡΙΟΥ 
970 |a ΚΑΓΙΑΒΑ  |b ΕΙΡΗΝΗ  |z 2008/05/13